Meshalim nivḥarim (Record no. 33928)
[ view plain ]
| 000 -LEADER | |
|---|---|
| fixed length control field | 00891cam a22002891 4500 |
| 001 - CONTROL NUMBER | |
| control field | he 68003606 |
| 003 - CONTROL NUMBER IDENTIFIER | |
| control field | DLC |
| 005 - DATE AND TIME OF LATEST TRANSACTION | |
| control field | 20260227111506.0 |
| 008 - FIXED-LENGTH DATA ELEMENTS--GENERAL INFORMATION | |
| fixed length control field | 940307s1966 is a 000 0 heb |
| 010 ## - LIBRARY OF CONGRESS CONTROL NUMBER | |
| LC control number | he 68003606 |
| 025 ## - OVERSEAS ACQUISITION NUMBER | |
| Overseas acquisition number | [PL480:Is-8384] |
| 035 ## - SYSTEM CONTROL NUMBER | |
| System control number | (OCoLC)29915967 |
| 040 ## - CATALOGING SOURCE | |
| Original cataloging agency | DLC |
| Transcribing agency | TxU |
| Modifying agency | DLC |
| 041 1# - LANGUAGE CODE | |
| Language code of text/sound track or separate title | heb |
| Language code of original | eng |
| 042 ## - AUTHENTICATION CODE | |
| Authentication code | premarc |
| 050 00 - LIBRARY OF CONGRESS CALL NUMBER | |
| Classification number | PQ1811.H43 |
| Item number | B4 |
| 100 1# - MAIN ENTRY--PERSONAL NAME | |
| Personal name | La Fontaine, Jean de, |
| Dates associated with a name | 1621-1695. |
| 245 10 - TITLE STATEMENT | |
| Title | Meshalim nivḥarim |
| Statement of responsibility, etc. | [me-et] Lah-Fontain. ʻIvrit: Mosheh Ben-Shaul. Tsiyurim: Romin Simon. |
| 260 ## - PUBLICATION, DISTRIBUTION, ETC. | |
| Place of publication, distribution, etc. | [Tel-Aviv] |
| Name of publisher, distributor, etc. | M. Mizraḥi |
| Date of publication, distribution, etc. | [1966] |
| 300 ## - PHYSICAL DESCRIPTION | |
| Extent | [32] p. |
| Other physical details | col. illus. |
| Dimensions | 30 cm. |
| 490 0# - SERIES STATEMENT | |
| Series statement | ha-Yafot be-agadot ha-ʻolam |
| 500 ## - GENERAL NOTE | |
| General note | Cover title: Mivḥar mishle Lah-Fontain. |
| 500 ## - GENERAL NOTE | |
| General note | Vocalized. |
| 500 ## - GENERAL NOTE | |
| General note | Translations from Fables. |
| 700 2# - ADDED ENTRY--PERSONAL NAME | |
| Personal name | Ben-Shaul, Mosheh, |
| Relator term | tr. |
| 700 1# - ADDED ENTRY--PERSONAL NAME | |
| Personal name | Simon, Romain, |
| Dates associated with a name | 1915- |
| Relator term | illus. |
No items available.